| 000 | 00426pab a2200157 454500 | ||
|---|---|---|---|
| 008 | 180718b2013 xxu||||| |||| 00| 0 eng d | ||
| 100 | _aAlphonse, Mary et al | ||
| 245 | _aUnderstanding burnout amongst counsellors working in HIV testing and treatment settings | ||
| 260 | _c2013 | ||
| 300 | _ap.273-289. | ||
| 362 | _aApr | ||
| 650 | _aAIDS | ||
| 773 | _aIndian Journal of Social Work | ||
| 908 | _aN | ||
| 909 | _a102627 | ||
| 999 |
_c102625 _d102625 |
||